000 00371nam a2200145Ia 4500
008 150201s2003 xx 000 0 und d
082 _a612
_bR2003G
100 _aGANONG,WILLIAM
245 _aREVIEW OF MEDICAL PHYSIOLOGY
250 _a21TH
260 _bMc-GRAW-HILL L PUBLISHING
_aBOSTON(LONDON)
_c2003
300 _a1-912
650 _aPHYSIOLOGY
942 _2ddc
_cBK
_04
999 _c3989
_d3989